Handbook of teaching public policy (Record no. 30705)

MARC details
000 -LEADER
fixed length control field 00525nam a2200181Ia 4500
020 ## - INTERNATIONAL STANDARD BOOK NUMBER
ISBN 9781800378100
050 ## - CALL MARK
Classification number H 97.3 .H36/
100 ## - STATEMENT OF RESPONSIBILITY--MAIN AUTHOR NAME
Personal name Edited by Emily St.Denny and Philippe Zittoun
245 #0 - TITLE STATEMENT
Title Handbook of teaching public policy
260 ## - PUBLICATION, DISTRIBUTION, ETC. (IMPRINT)
Place of publication Cheltenham
260 ## - PUBLICATION, DISTRIBUTION, ETC. (IMPRINT)
Name of publisher Edward Elgar PublishingEdward Elgar Publishing
260 ## - PUBLICATION, DISTRIBUTION, ETC. (IMPRINT)
Year of publication 2024
300 ## - PHYSICAL DESCRIPTION
Number of Pages 541 p
650 ## - SUBJECT ADDED ENTRY--TOPICAL TERM
Topical Term Political planning--Study and teaching (Higher)
942 ## - ADDED ENTRY ELEMENTS (KOHA)
Koha item type Books
Holdings
Withdrawn status Lost status Source of classification or shelving scheme Damaged status Not for loan Permanent Location Current Location Shelving location Date acquired Accession Number Price effective from Koha item type
    Library of Congress Classification     NILE UNIVERSITY OF NIGERIA - MAIN LIBRARY NILE UNIVERSITY OF NIGERIA - MAIN LIBRARY Items on shelf 04/23/2025 0197641 04/23/2025 Books